बंदे आगे भी देख...: (Record no. 48636)

MARC details
000 -LEADER
fixed length control field 01155nam a22002657a 4500
005 - DATE AND TIME OF LATEST TRANSACTION
control field 20090316110612.0
008 - FIXED-LENGTH DATA ELEMENTS--GENERAL INFORMATION
fixed length control field 090316t xxu||||| |||| 00| 0 hin d
010 ## - LCCN (DPL NO)
LC control number HIN-91000
020 ## - INTERNATIONAL STANDARD BOOK NUMBER
Terms of availability 300.00
International Standard Book Number 8189562029
035 ## - SYSTEM CONTROL NUMBER
System control number HN-63346
037 ## - SOURCE OF ACQUISITION
Source of stock number/acquisition DBAD / PUB
040 ## - CATALOGING SOURCE
Original cataloging agency DPL
Language of cataloging HN
082 ## - DEWEY DECIMAL CLASSIFICATION NUMBER
Classification number 827
100 ## - MAIN ENTRY--PERSONAL NAME
9 (RLIN) 24114
Personal name रामदेव धुरंधर
245 ## - TITLE STATEMENT
Title बंदे आगे भी देख...:
Statement of responsibility, etc रामदेव धुरंधर
Remainder of title व्यंग्य-संग्रह /
260 ## - PUBLICATION, DISTRIBUTION, ETC. (IMPRINT)
Place of publication, distribution, etc नई दिल्ली
Name of publisher, distributor, etc नेशनल काउंसिल ऑफ हिन्दी लिट्रेचर
Date of publication, distribution, etc 2010
270 ## - ADDRESS
Address 33/1, भूलभुलैयाँ रोड, महरौली
City नई दिल्ली
Postal code 110030
300 ## - PHYSICAL DESCRIPTION
Extent 230पृ.
Dimensions 22सेमी (सजिल्द)
650 ## - SUBJECT ADDED ENTRY--TOPICAL TERM
9 (RLIN) 1169
Topical term or geographic name as entry element व्यंग्य, हिन्दी
700 ## - ADDED ENTRY--PERSONAL NAME
9 (RLIN) 24212
700 ## - ADDED ENTRY--PERSONAL NAME
9 (RLIN) 24373
700 ## - ADDED ENTRY--PERSONAL NAME
9 (RLIN) 24219
942 ## - ADDED ENTRY ELEMENTS (KOHA)
Source of classification or shelving scheme Dewey Decimal Classification
Item type Hindi Books
Call number suffix रामदे
Classification part 827
Holdings
Withdrawn status Lost status Source of classification or shelving scheme Damaged status Not for loan Collection code Home library Current library Date acquired Source of acquisition Cost, normal purchase price Total Checkouts Full call number Barcode Date last seen Copy number Cost, replacement price Koha item type
    Dewey Decimal Classification   Not For Loan Non-fiction D.B.Act.Division D.B.Act.Division 19/11/2010 DBAD /PUB 300.00   827 रामदे HN-63346 19/11/2010 1 300.00 Hindi Books

© Delhi Public Library
Hit Counter
free hit counter